[Event "Muensterland Verbandsliga 1718"]
[Site "Germany"]
[Date "2018.02.10"]
[Round "6.8"]
[White "Wagner, Nils Frederic"]
[Black "Limberg, Thomas"]
[Result "1/2-1/2"]
[WhiteElo "1725"]
[BlackElo "1607"]
[PlyCount "82"]
[EventDate "2017.09.09"]
[EventType "team-tourn"]
[EventRounds "9"]
[EventCountry "GER"]
[SourceTitle "EXT 2019"]
[Source "ChessBase"]
[SourceDate "2018.10.10"]
[SourceVersion "1"]
[SourceVersionDate "2018.10.10"]
[SourceQuality "1"]
[WhiteTeam "Borken"]
[BlackTeam "Olfen"]
[WhiteTeamCountry "GER"]
[BlackTeamCountry "GER"]

1. c4 Nf6 2. g3 c6 3. Bg2 d5 4. cxd5 cxd5 5. d4 g6 6. Nf3 Bg7 7. 0-0 0-0 8. Nc3 Ne4 9. Qb3 Nxc3 10. bxc3 Nc6 11. Nd2 e6 12. e3 Na5 13. Qc2 b6 14. Ba3 Re8 15. Rac1 Ba6 16. Rfe1 Rc8 17. Bf1 Bxf1 18. Kxf1 Qc7 19. Qd3 Nc4 20. Nxc4 Qxc4 21. Qxc4 Rxc4 22. Bb2 f5 23. Ke2 Kf7 24. Kd3 Bf8 25. h4 Bd6 26. Rh1 Rec8 27. Ra1 b5 28. a3 a5 29. Rhd1 Kg8 30. Rdc1 Kf8 31. Rd1 b4 32. axb4 axb4 33. Rdc1 e5 34. Kd2 bxc3+ 35. Bxc3 exd4 36. Bxd4 Rxc1 37. Rxc1 Rxc1 38. Kxc1 Ke7 39. Kd2 Ke6 40. Ke2 h5 41. Kf3 Bc7 1/2-1/2